Can you name all 343 Canadian Federal Electoral Districts - Statistics

General Stats
  • This quiz has been taken 66 times
  • The average score is 77 of 343
Answer Stats
Hint 1 Hint 2 Answer % Correct
Newfoundland & Labrador Labrador Labrador
80%
PEI PEI Charlottetown
74%
Nova Scotia Halifax Halifax
69%
Ontario Greater Ottawa Carleton
66%
Ontario Greater Ottawa Nepean
66%
Quebec Gatineau Gatineau
63%
Newfoundland & Labrador St Johns St. John's East
63%
Ontario Kitchener-Waterloo Kitchener Centre
60%
Territories Territories Northwest Territories
60%
Territories Territories Nunavut
60%
Ontario Greater Ottawa Ottawa Centre
60%
Ontario Kitchener-Waterloo Waterloo
60%
Territories Territories Yukon
60%
Ontario Toronto Toronto Centre
57%
Manitoba Winnipeg Winnipeg Centre
57%
Alberta Greater Edmonton Edmonton Centre
51%
Ontario Hamilton Hamilton Centre
51%
Ontario Durham Region Oshawa
51%
Ontario Toronto Toronto—Danforth
51%
Nova Scotia Rural Nova Scotia Central Nova
49%
Ontario Kitchener-Waterloo Guelph
49%
Ontario London London Centre
49%
Ontario Northern Ontario Sudbury
49%
Ontario Windsor-Essex Windsor West
49%
Ontario Durham Region Ajax
46%
Quebec Southeast Quebec Beauce
46%
Alberta Greater Calgary Calgary Centre
46%
Ontario Windsor-Essex Essex
46%
Ontario Kingston Kingston and the Islands
46%
Ontario Peel Region Mississauga Centre
46%
Ontario Greater Ottawa Ottawa South
46%
Quebec Montreal Island Papineau
46%
British Columbia Vancouver Island Saanich—Gulf Islands
46%
British Columbia Metro Vancouver Vancouver East
46%
Newfoundland & Labrador Newfoundland Avalon
43%
Ontario Peel Region Brampton South
43%
Ontario Peel Region Brampton West
43%
Ontario Toronto Etobicoke North
43%
Ontario Hamilton Hamilton Mountain
43%
Ontario London London West
43%
British Columbia Metro Vancouver Vancouver Centre
43%
British Columbia Vancouver Island Victoria
43%
Manitoba Winnipeg Winnipeg North
43%
Manitoba Winnipeg Winnipeg South
43%
Manitoba Winnipeg Winnipeg West
43%
Ontario Kitchener-Waterloo Cambridge
40%
Ontario Toronto Etobicoke Centre
40%
Nova Scotia Halifax Halifax West
40%
Ontario Greater Ottawa Kanata
40%
Saskatchewan Saskatoon Saskatoon—University
40%
Newfoundland & Labrador Newfoundland Terra Nova—The Peninsulas
40%
Ontario Toronto Beaches—East York
37%
Ontario Peel Region Brampton East
37%
Newfoundland & Labrador St Johns Cape Spear
37%
Alberta Greater Edmonton Edmonton Strathcona
37%
British Columbia Okanagan Valley Kelowna
37%
Ontario Kitchener-Waterloo Kitchener—Conestoga
37%
Ontario London London—Fanshawe
37%
Quebec Greater Quebec City Québec Centre
37%
Saskatchewan Saskatoon Saskatoon West
37%
Quebec Southern Quebec Terrebonne
37%
Quebec Southeast Quebec Trois-Rivières
37%
Alberta Rural Alberta Battle River—Crowfoot
34%
Ontario Peel Region Brampton Centre
34%
Ontario Halton Region Burlington
34%
British Columbia Metro Vancouver Burnaby Central
34%
PEI PEI Cardigan
34%
Ontario Toronto Don Valley North
34%
PEI PEI Egmont
34%
Ontario Toronto Etobicoke—Lakeshore
34%
Quebec Gatineau Hull—Aylmer
34%
Quebec Montreal Island Mount Royal
34%
Ontario Niagara Region Niagara West
34%
Ontario Greater Ottawa Ottawa West—Nepean
34%
Quebec Montreal Island Outremont
34%
Saskatchewan Regina Regina—Qu'Appelle
34%
Ontario Toronto Toronto—St. Paul's
34%
Ontario Toronto University—Rosedale
34%
Ontario Durham Region Whitby
34%
Ontario Toronto York Centre
34%
New Brunswick New Brunswick Acadie—Bathurst
31%
New Brunswick New Brunswick Beauséjour
31%
Alberta Greater Calgary Calgary Confederation
31%
Newfoundland & Labrador Newfoundland Central Newfoundland
31%
Ontario Toronto Don Valley West
31%
Newfoundland & Labrador Newfoundland Long Range Mountains
31%
Ontario Peel Region Mississauga—Lakeshore
31%
Ontario Rural Southern Ontario Peterborough
31%
Ontario Toronto Scarborough North
31%
Quebec Southern Quebec Sherbrooke
31%
Ontario Niagara Region St. Catharines
31%
British Columbia Metro Vancouver Surrey Centre
31%
British Columbia Metro Vancouver Vancouver Quadra
31%
Ontario York Region York—Durham
31%
Alberta Greater Calgary Calgary East
29%
Alberta Greater Edmonton Edmonton West
29%
Ontario Rural Southern Ontario Haldimand—Norfolk
29%
Ontario Toronto Humber River—Black Creek
29%
Ontario Kitchener-Waterloo Kitchener South—Hespeler
29%
PEI PEI Malpeque
29%
Ontario Halton Region Milton East—Halton Hills South
29%
Ontario Halton Region Oakville East
29%
Ontario Halton Region Oakville West
29%
Ontario Greater Ottawa Orléans
29%
Nova Scotia Rural Nova Scotia South Shore—St. Margarets
29%
Ontario York Region Thornhill
29%
British Columbia Metro Vancouver Vancouver Kingsway
29%
Ontario York Region Vaughan—Woodbridge
29%
Ontario Rural Southern Ontario Bay of Quinte
26%
Alberta Greater Calgary Calgary Nose Hill
26%
Nova Scotia Rural Nova Scotia Cumberland—Colchester
26%
Nova Scotia Halifax Dartmouth—Cole Harbour
26%
British Columbia Metro Vancouver Delta
26%
New Brunswick New Brunswick Fundy Royal
26%
Ontario York Region King—Vaughan
26%
Alberta Rural Alberta Lethbridge
26%
Ontario York Region Markham—Stouffville
26%
Ontario Peel Region Mississauga—Erin Mills
26%
New Brunswick New Brunswick Moncton—Dieppe
26%
Ontario Niagara Region Niagara Falls—Niagara-on-the-Lake
26%
Ontario Greater Ottawa Ottawa—Vanier—Gloucester
26%
Saskatchewan Regina Regina—Wascana
26%
Saskatchewan Saskatoon Saskatoon South
26%
Ontario Northern Ontario Sault Ste. Marie—Algoma
26%
Ontario Rural Southern Ontario Spadina—Harbourfront
26%
Nova Scotia Rural Nova Scotia Sydney—Glace Bay
26%
Manitoba Winnipeg Winnipeg South Centre
26%
Alberta Rural Alberta Yellowhead
26%
Quebec Montreal Island Ahuntsic-Cartierville
23%
Ontario Peel Region Brampton North—Caledon
23%
Alberta Greater Calgary Calgary Heritage
23%
Ontario Toronto Davenport
23%
Ontario Peel Region Dufferin—Caledon
23%
Alberta Greater Edmonton Edmonton Griesbach
23%
Alberta Greater Edmonton Edmonton Southeast
23%
Manitoba Winnipeg Elmwood—Transcona
23%
Ontario Hamilton Hamilton East—Stoney Creek
23%
Nova Scotia Rural Nova Scotia Kings—Hants
23%
Quebec Montreal Island LaSalle—Émard—Verdun
23%
Ontario York Region Markham—Unionville
23%
New Brunswick New Brunswick Miramichi—Grand Lake
23%
Ontario Peel Region Mississauga—Streetsville
23%
Ontario York Region Newmarket—Aurora
23%
Ontario Niagara Region Niagara South
23%
Ontario Rural Southern Ontario Parry Sound—Muskoka
23%
Saskatchewan Rural Saskatchewan Prince Albert
23%
Alberta Rural Alberta Red Deer
23%
Saskatchewan Regina Regina—Lewvan
23%
Ontario Toronto Scarborough—Agincourt
23%
Ontario Toronto Scarborough Southwest
23%
Saskatchewan Rural Saskatchewan Souris—Moose Mountain
23%
Ontario Northern Ontario Thunder Bay—Rainy River
23%
Ontario Windsor-Essex Windsor—Tecumseh—Lakeshore
23%
Quebec Longueuil and Vicinity Beloeil—Chambly
20%
Quebec Montreal Island Bourassa
20%
Ontario Durham Region Bowmanville—Oshawa North
20%
Manitoba Rural Manitoba Brandon—Souris
20%
British Columbia Metro Vancouver Burnaby North—Seymour
20%
Alberta Greater Calgary Calgary Crowfoot
20%
Alberta Greater Calgary Calgary Skyview
20%
Quebec Northern Quebec Chicoutimi—Le Fjord
20%
Alberta Greater Edmonton Edmonton Gateway
20%
Ontario Toronto Eglinton—Lawrence
20%
New Brunswick New Brunswick Fredericton—Oromocto
20%
Ontario Rural Southern Ontario Huron—Bruce
20%
Ontario York Region Markham—Thornhill
20%
British Columbia Vancouver Island North Island—Powell River
20%
Ontario Rural Southern Ontario Perth—Wellington
20%
Manitoba Rural Manitoba Portage—Lisgar
20%
Manitoba Rural Manitoba Provencher
20%
Ontario York Region Richmond Hill South
20%
Quebec Montreal Island Rosemont—La Petite-Patrie
20%
Quebec Montreal Island Saint-Laurent
20%
Ontario Rural Southern Ontario Simcoe—Grey
20%
Ontario Rural Southern Ontario Simcoe North
20%
Manitoba Winnipeg St. Boniface—St. Vital
20%
British Columbia Metro Vancouver Vancouver Granville
20%
Ontario Toronto Willowdale
20%
Nova Scotia Rural Nova Scotia Acadie—Annapolis
17%
Quebec Southern Quebec Argenteuil—La Petite-Nation
17%
Ontario York Region Aurora—Oak Ridges—Richmond Hill
17%
Quebec Longueuil and Vicinity Brossard—Saint-Lambert
17%
Alberta Greater Calgary Calgary McKnight
17%
Alberta Greater Calgary Calgary Midnapore
17%
Manitoba Rural Manitoba Churchill—Keewatinook Aski
17%
British Columbia Metro Vancouver Coquitlam—Port Coquitlam
17%
Alberta Greater Edmonton Edmonton Manning
17%
Alberta Greater Edmonton Edmonton Northwest
17%
Manitoba Winnipeg Kildonan—St. Paul
17%
Quebec Montreal Island Laurier—Sainte-Marie
17%
Quebec Greater Quebec City Louis-Hébert
17%
New Brunswick New Brunswick Madawaska—Restigouche
17%
Ontario Rural Southern Ontario Oxford
17%
New Brunswick New Brunswick Saint John—Kennebecasis
17%
New Brunswick New Brunswick Saint John—St. Croix
17%
British Columbia Metro Vancouver Surrey Newton
17%
Quebec Laval Vimy
17%
British Columbia Metro Vancouver West Vancouver—Sunshine Coast—Sea to Sky Country
17%
Saskatchewan Rural Saskatchewan Yorkton—Melville
17%
British Columbia Fraser Valley Abbotsford—South Langley
14%
Alberta Greater Calgary Airdrie—Cochrane
14%
Quebec Laval Alfred-Pellan
14%
Ontario Rural Southern Ontario Bruce—Grey—Owen Sound
14%
Alberta Greater Calgary Calgary Shepard
14%
Alberta Greater Calgary Calgary Signal Hill
14%
Ontario Rural Southern Ontario Chatham-Kent—Leamington
14%
British Columbia Fraser Valley Chilliwack—Hope
14%
Quebec Southern Quebec Compton—Stanstead
14%
Alberta Greater Edmonton Edmonton Riverbend
14%
Alberta Rural Alberta Foothills
14%
Ontario Hamilton Hamilton West—Ancaster—Dundas
14%
Ontario Peel Region Mississauga East—Cooksville
14%
Ontario Durham Region Northumberland—Clarke
14%
Alberta Rural Alberta Parkland
14%
Quebec Northern Quebec Pontiac—Kitigan Zibi
14%
British Columbia Metro Vancouver Port Moody—Coquitlam
14%
Quebec Southern Quebec Rivière-des-Mille-Îles
14%
Quebec Montreal Island Saint-Léonard—Saint-Michel
14%
Ontario Toronto Scarborough Centre—Don Valley East
14%
Quebec Southern Quebec Shefford
14%
British Columbia Metro Vancouver South Surrey—White Rock
14%
Quebec Southern Quebec Thérèse-De Blainville
14%
New Brunswick New Brunswick Tobique—Mactaquac
14%
Quebec Northern Quebec Abitibi—Témiscamingue
11%
Ontario Rural Southern Ontario Algonquin—Renfrew—Pembroke
11%
Ontario Rural Southern Ontario Barrie South—Innisfil
11%
Quebec Greater Quebec City Beauport—Limoilou
11%
Alberta Rural Alberta Bow River
11%
Ontario Peel Region Brampton—Chinguacousy Park
11%
Ontario Rural Southern Ontario Brantford—Brant South—Six Nations
11%
British Columbia Metro Vancouver Cloverdale—Langley City
11%
Quebec Southern Quebec Drummond
11%
British Columbia Vancouver Island Esquimalt—Saanich—Sooke
11%
Quebec Southeast Quebec Gaspésie—Les Îles-de-la-Madeleine—Listuguj
11%
Alberta Rural Alberta Grande Prairie
11%
Quebec Northern Quebec Jonquière
11%
Ontario Northern Ontario Kenora—Kiiwetinoong
11%
Quebec Northern Quebec Lac-Saint-Jean
11%
Quebec Montreal Island Lac-Saint-Louis
11%
Alberta Rural Alberta Lakeland
11%
Ontario Rural Southern Ontario Lanark—Frontenac
11%
Quebec Montreal Island La Pointe-de-l'Île
11%
Quebec Laval Laval—Les Îles
11%
Alberta Greater Edmonton Leduc—Wetaskiwin
11%
Quebec Southern Quebec Les Pays-d'en-Haut
11%
Quebec Longueuil and Vicinity Longueuil—Saint-Hubert
11%
Quebec Laval Marc-Aurèle-Fortin
11%
Ontario London Middlesex—London
11%
British Columbia Vancouver Island Nanaimo—Ladysmith
11%
Ontario Northern Ontario Nipissing—Timiskaming
11%
British Columbia Metro Vancouver North Vancouver—Capilano
11%
Ontario Durham Region Pickering—Brooklin
11%
British Columbia Metro Vancouver Pitt Meadows—Maple Ridge
11%
Quebec Greater Quebec City Portneuf—Jacques-Cartier
11%
Quebec Southern Quebec Repentigny
11%
British Columbia Metro Vancouver Richmond Centre—Marpole
11%
British Columbia Metro Vancouver Richmond East—Steveston
11%
Nova Scotia Halifax Sackville—Bedford—Preston
11%
Quebec Longueuil and Vicinity Saint-Jean
11%
Quebec Southeast Quebec Saint-Maurice—Champlain
11%
Manitoba Rural Manitoba Selkirk—Interlake—Eastman
11%
Alberta Greater Edmonton St. Albert—Sturgeon River
11%
Ontario Northern Ontario Sudbury East—Manitoulin—Nickel Belt
11%
Ontario Toronto Taiaiako'n—Parkdale—High Park
11%
Ontario Northern Ontario Thunder Bay—Superior North
11%
Quebec Southern Quebec Vaudreuil
11%
Ontario Kitchener-Waterloo Wellington—Halton Hills North
11%
Quebec Northern Quebec Abitibi—Baie-James—Nunavik—Eeyou
9%
Ontario Rural Southern Ontario Barrie—Springwater—Oro-Medonte
9%
Quebec Southern Quebec Berthier—Maskinongé
9%
Quebec Southern Quebec Brome—Missisquoi
9%
Ontario Halton Region Burlington North—Milton West
9%
Nova Scotia Rural Nova Scotia Cape Breton—Canso—Antigonish
9%
British Columbia Rural BC Cariboo—Prince George
9%
Saskatchewan Rural Saskatchewan Carlton Trail—Eagle Creek
9%
Quebec Southern Quebec Châteauguay—Les Jardins-de-Napierville
9%
Quebec Southeast Quebec Côte-Nord—Kawawachikamach—Nitassinan
9%
British Columbia Vancouver Island Cowichan—Malahat—Langford
9%
Quebec Montreal Island Dorval—Lachine—LaSalle
9%
Ontario London Elgin—St. Thomas—London South
9%
Ontario Hamilton Flamborough—Glanbrook—Brant North
9%
Alberta Rural Alberta Fort McMurray—Cold Lake
9%
Ontario Rural Southern Ontario Haliburton—Kawartha Lakes
9%
Ontario Rural Southern Ontario Hastings—Lennox and Addington—Tyendinaga
9%
Quebec Montreal Island Honoré-Mercier
9%
British Columbia Okanagan Valley Kamloops—Thompson—Nicola
9%
Quebec Longueuil and Vicinity Longueuil—Charles-LeMoyne
9%
Alberta Rural Alberta Medicine Hat—Cardston—Warner
9%
Quebec Southern Quebec Mirabel
9%
Ontario Peel Region Mississauga—Malton
9%
Saskatchewan Rural Saskatchewan Moose Jaw—Lake Centre—Lanigan
9%
Quebec Montreal Island Notre-Dame-de-Grâce—Westmount
9%
Quebec Montreal Island Pierrefonds—Dollard
9%
Alberta Rural Alberta Ponoka—Didsbury
9%
Ontario Greater Ottawa Prescott—Russell—Cumberland
9%
Manitoba Rural Manitoba Riding Mountain
9%
Ontario Rural Southern Ontario Sarnia—Lambton—Bkejwanong
9%
Ontario Toronto Scarborough—Guildwood—Rouge Park
9%
Ontario Toronto Scarborough—Woburn
9%
British Columbia Rural BC Skeena—Bulkley Valley
9%
Saskatchewan Rural Saskatchewan Battlefords—Lloydminster—Meadow Lake
6%
Quebec Greater Quebec City Bellechasse—Les Etchemins—Lévis
6%
Quebec Greater Quebec City Charlesbourg—Haute-Saint-Charles
6%
British Columbia Vancouver Island Courtenay—Alberni
6%
Saskatchewan Rural Saskatchewan Desnethé—Missinippi—Churchill River
6%
Quebec Montreal Island Hochelaga—Rosemont-Est
6%
Quebec Southern Quebec Joliette—Manawan
6%
Quebec Longueuil and Vicinity La Prairie—Atateken
6%
Ontario Rural Southern Ontario Leeds—Grenville—Thousand Islands—Rideau Lakes
6%
Quebec Greater Quebec City Lévis—Lotbinière
6%
Quebec Greater Quebec City Louis-Saint-Laurent—Akiawenhrahk
6%
Quebec Southeast Quebec Mégantic—L'Érable—Lotbinière
6%
Quebec Southern Quebec Montcalm
6%
Quebec Greater Quebec City Montmorency—Charlevoix
6%
Quebec Longueuil and Vicinity Mont-Saint-Bruno—L'Acadie
6%
Ontario Rural Southern Ontario New Tecumseth—Gwillimbury
6%
British Columbia Metro Vancouver New Westminster—Burnaby—Maillardville
6%
Alberta Rural Alberta Peace River—Westlock
6%
British Columbia Rural BC Prince George—Peace River—Northern Rockies
6%
Quebec Southern Quebec Richmond—Arthabaska
6%
Quebec Southeast Quebec Rimouski—La Matapédia
6%
Quebec Southern Quebec Rivière-du-Nord
6%
Quebec Southern Quebec Saint-Hyacinthe—Bagot—Acton
6%
Alberta Greater Edmonton Sherwood Park—Fort Saskatchewan
6%
Ontario Rural Southern Ontario Stormont—Dundas—Glengarry
6%
Saskatchewan Rural Saskatchewan Swift Current—Grasslands—Kindersley
6%
British Columbia Metro Vancouver Vancouver Fraserview—South Burnaby
6%
Quebec Southern Quebec Beauharnois—Salaberry—Soulanges—Huntingdon
3%
Quebec Southern Quebec Bécancour—Nicolet—Saurel—Alnôbak
3%
British Columbia Rural BC Columbia—Kootenay—Southern Rockies
3%
Quebec Southeast Quebec Côte-du-Sud—Rivière-du-Loup—Kataskomiq—Témiscouata
3%
British Columbia Metro Vancouver Fleetwood—Port Kells
3%
British Columbia Okanagan Valley Kamloops—Shuswap—Central Rockies
3%
Ontario Northern Ontario Kapuskasing—Timmins—Mushkegowuk
3%
British Columbia Metro Vancouver Langley Township—Fraser Heights
3%
Quebec Northern Quebec Laurentides—Labelle
3%
British Columbia Fraser Valley Mission—Matsqui—Abbotsford
3%
British Columbia Okanagan Valley Okanagan Lake West—South Kelowna
3%
Quebec Longueuil and Vicinity Pierre-Boucher—Les Patriotes—Verchères
3%
British Columbia Okanagan Valley Similkameen—South Okanagan—West Kootenay
3%
British Columbia Rural BC Vernon—Lake Country—Monashee
3%
Quebec Montreal Island Ville-Marie—Le Sud-Ouest—Île-des-Sœurs
3%
Ontario Toronto York South—Weston—Etobicoke
3%
No matching quizzes found
Score Distribution
Percent of People with Each Score
Percentile by Number Answered
Your Score History
You have not taken this quiz